000 00468cam a22001457a 4500
008 180718b1991 xxu||||| |||| 00| 0 eng d
082 _aQ812x5412 D26
100 _aDas, Suranjan
245 _aCommunal riots in Bengal, 1905-1947
_cby Suranjan Das
260 _aDelhi
_bOxford University Press
_c1991
300 _a311p.
440 _aOxford university south Asian studies series
650 _aCommunalism - India - West Bengal
650 _aRiots - India - West Bengal
999 _c343520
_d343520